Estigmatización y usos léxicos en el tratamiento informativo del VIH/SIDA en cinco diarios mexicanos de 2012 a 2013 (Record no. 183729)
[ view plain ]
| 000 -CABECERA | |
|---|---|
| campo de control de longitud fija | 01382nab a2200325 a 4500 |
| 005 - FECHA Y HORA DE LA ÚLTIMA TRANSACCIÓN | |
| campo de control | 20210219162839.0 |
| 008 - ELEMENTOS DE LONGITUD FIJA--INFORMACIÓN GENERAL | |
| campo de control de longitud fija | 991125s1985 mx 000 0 spa u |
| 035 ## - NÚMERO DE CONTROL DEL SISTEMA | |
| Número de control de sistema | UPN01000211628 |
| 049 ## - COLECCIÓN | |
| Colección | ART |
| 100 1# - ASIENTO PRINCIPAL--NOMBRE PERSONAL | |
| Nombre de persona | Sánchez Maldonado, Miguel |
| 100 1# - ASIENTO PRINCIPAL--NOMBRE PERSONAL | |
| Filiación | miguelsanchez@uadec.edu.mx |
| 100 1# - ASIENTO PRINCIPAL--NOMBRE PERSONAL | |
| Nombre de persona | Terrón Blanco, José Luis |
| 100 1# - ASIENTO PRINCIPAL--NOMBRE PERSONAL | |
| Filiación | JoseLuis.Terron@uab.cat |
| 100 1# - ASIENTO PRINCIPAL--NOMBRE PERSONAL | |
| Nombre de persona | Lozano Rendón, José Carlos |
| 100 1# - ASIENTO PRINCIPAL--NOMBRE PERSONAL | |
| Filiación | jclozano16@gmail.com |
| 222 #0 - TÍTULO CLAVE | |
| Título clave | COMUNICACION Y SOCIEDAD |
| 245 00 - MENCIÓN DE TÍTULO | |
| Título | Estigmatización y usos léxicos en el tratamiento informativo del VIH/SIDA en cinco diarios mexicanos de 2012 a 2013 |
| 260 ## - PUBLICACIÓN, DISTRIBUCIÓN, ETC. | |
| Lugar de publicación, distribución, etc. | Zapopan, México |
| 300 ## - DESCRIPCIÓN FÍSICA | |
| Extensión | 71-100 |
| 362 0# - FECHAS DE PUBLICACIÓN Y/O DESIGNACIÓN SECUENCIAL | |
| Fecha de publicación y/o designación secuencial | 2016 Nueva época, número 25, enero-junio |
| 520 3# - NOTA DE RESUMEN, ETC. | |
| Sumario, etc. | El presente trabajo averigua si la información sobre el VIH/SIDA publicada en cinco periódicos mexicanos conllevaba algún tipo de estigmatización. El análisis de contenido arrojó que se utilizó un lenguaje neutro; no se relacionó a la enfermedad con la muerte y no se utilizaron datos alarmistas |
| 653 0# - TERMINO DE INDIZACION - NO CONTROLADO | |
| Término no controlado | VIH/SIDA |
| 653 0# - TERMINO DE INDIZACION - NO CONTROLADO | |
| Término no controlado | LENGUAJE |
| 653 0# - TERMINO DE INDIZACION - NO CONTROLADO | |
| Término no controlado | PERIODICOS |
| 653 0# - TERMINO DE INDIZACION - NO CONTROLADO | |
| Término no controlado | ESTIGMATIZACION |
| 653 0# - TERMINO DE INDIZACION - NO CONTROLADO | |
| Término no controlado | ANALISIS DE CONTENIDO |
| 856 4# - LOCALIZACIÓN Y ACCESO ELECTRÓNICOS | |
| Identificador Uniforme del Recurso | <a href="http://www.redalyc.org/articulo.oa?id=34642628004">http://www.redalyc.org/articulo.oa?id=34642628004</a> |
| 856 4# - LOCALIZACIÓN Y ACCESO ELECTRÓNICOS | |
| Identificador Uniforme del Recurso | <a href="http://www.revistascientificas.udg.mx/index.php/comsoc/article/view/4422/4208">http://www.revistascientificas.udg.mx/index.php/comsoc/article/view/4422/4208</a> |
| 905 ## - TIPO DE MATERIAL | |
| Tipo de material | Articulo |
No items available.
